LEADER 01371nam a2200277 i 4500 001 000000037238 003 CaOOAMICUS 005 20030819000000.0 008 030819s1972 fr u000 u mul u 013 $a7462 040 $aSeMil$bita 100 1 $aPetrus : Damiani,$c.$0(OLS)http://semarc/name/1200 245 10$aLettre sur la toute-puissance divine /$cPierre Damien ; introduction, texte critique, traduction et notes par André Cantin. 300 $a502 p. ;$c20 cm. 490 0 $aSources Chrétiennes ;$vN°191. Série des Textes Monastiques d'Occident ; N° 40. 490 0 $aSources Chrétiennes. Série des Textes monastiques d'Occident ;$vN°40. 500 $aTesto latino a fronte. - Dalla biblioteca del card. Giovani Colombo. 700 1 $aCantin, André.$0(OLS)http://semarc/name/17743 830 0$aSources chrétiennes ;$vN°191. Série des Textes Monastiques d'Occident ; N° 40.$0(OLS)http://semarc/title/72 830 0$aSources chrétiennes. Série des Textes monastiques d'Occident ;$vN°40.$0(OLS)http://semarc/title/12473 850 $aSeMil 852 $aSeMil$W1$xVenegono$y1$mSL1.T IV 191$j3393$B3393$CSeMilBibl$Z2$F3393 $8I 900 1 $aPier : Damiani. 961 $aLascito: Colombo Card. Giovanni 996 $6245$aLettre sur la toute-puissance divine$9(OLS)http://semarc/title/52041 LEADER 01596nam a2200313 i 4500 001 000000173355 003 CaOOAMICUS 005 20081110000000.0 008 081110s1983 it u000 u eng u 013 $a150807 020 $a0-268-01078-1 040 $aSeMil$bita 100 1 $aParedi, Angelo,$c.$0(OLS)http://semarc/name/17012 245 12$aA History of the Ambrosiana /$cAngelo Paredi ; translated by Constance and Ralph McInerny. 260 $aNotre Dame (Indiana) :$bby the University of Notre Dame Press,$ccopyr. 1983. 260 $aIndiana (U.S.A) :$bPublished for The Medieval Institute University of Notre Dame,$ccopyr. 1983. 300 $a110 p. :$bill. ;$c24 cm. 500 $aIn occhietto : Dedica autografa dell'Autore. - Fondo Card. Giovanni Colombo. 650 4$aMilano - Biblioteca Ambrosiana - Storia.$0(OLS)http://semarc/subject/569 700 1 $aMcInerny, Ralph M. <1929-2010>.$0(OLS)http://semarc/name/33017 700 1 $aMcInerny, Constance.$0(OLS)http://semarc/name/64738 850 $aSeMil 852 $aSeMil$W1$xVenegono$y1$m3O II 49$j124200$B124200$CSeMilBibl$Z2$F138564 $81 941 1 $a3 961 $aLascito: Colombo Card. Giovanni 996 $6020$a0-268-01078-1$9(OLS)http://semarc/number/160998 996 $6245$aA History of the Ambrosiana$9(OLS)http://semarc/title/248303 996 $6260$aIndiana (U.S.A) :$bPublished for The Medieval Institute University of Notre Dame$9(OLS)http://semarc/publisher/49194 996 $6260$aNotre Dame (Indiana) :$bby the University of Notre Dame Press$9(OLS)http://semarc/publisher/49195